Návody do cvičení z teorie slévárenství

Na minha lista:
Detalhes bibliográficos
Main Authors: Vetiška, Aleš (Author), Setnička, Rudolf (Author), Čech, Jaroslav (Author)
Formato: Livro
Idioma:tcheco
Publicado em: Brno : Vysoké učení technické v Brně, 1979
Edição:2. nezm.
Assuntos:
Tags: Adicionar Tag
Sem tags, seja o primeiro a adicionar uma tag!

MARC

LEADER 00000nam a22000003a 4500
001 stu52516
005 20150617225707.1
008 000310s1979----cs------------------cze-d
040 |a STU  |b slo 
041 0 |a cze 
044 |a cs 
080 |a 621.74(075.8) 
100 1 |a Vetiška, Aleš  |4 aut 
245 1 |a Návody do cvičení z teorie slévárenství 
250 |a 2. nezm. 
260 |a Brno :  |b Vysoké učení technické v Brně,  |c 1979 
300 |a 180 s 
650 7 |a zlievárenstvo  |2 stusub 
700 1 |a Setnička, Rudolf  |4 aut 
700 1 |a Čech, Jaroslav  |4 aut 
996 |b 284M013541  |c M*S-942-1  |l MMKN  |s A  |a 24  |w stu52516_0001